Các văn bản pháp quy về an toàn và vệ sinh lao động.

Chỉ thị số 622/BXD-TCLĐ, nghị định số 06/CP, số 38/CP, số 46/CP, thông tư số 01/TT-LĐTBXH, số 08/LĐTBXH-TT....

Αποθηκεύτηκε σε:
Λεπτομέρειες βιβλιογραφικής εγγραφής
Μορφή: Βιβλίο
Γλώσσα:Vietnamese
Έκδοση: Hà Nội : Xây dựng, 1997.
Θέματα:
Ετικέτες: Προσθήκη ετικέτας
Δεν υπάρχουν, Καταχωρήστε ετικέτα πρώτοι!
Thư viện lưu trữ: Mạng thư viện Đại học Đà Nẵng
LEADER 01049cam a2200361 i 4500
001 000042374
003 248
005 20030922102445.0
008 010217b1997 vm 000 vie
020 |c 17000 
040 |a IRC  |c IRC  |d IRC 
041 0 |a vie 
082 1 4 |a 344.59701  |b Vă-B 
245 0 4 |a Các văn bản pháp quy về an toàn và vệ sinh lao động. 
260 |a Hà Nội :  |b Xây dựng,  |c 1997. 
300 |a 223tr. ;  |c 20,5cm. 
520 3 |a Chỉ thị số 622/BXD-TCLĐ, nghị định số 06/CP, số 38/CP, số 46/CP, thông tư số 01/TT-LĐTBXH, số 08/LĐTBXH-TT.... 
630 0 4 |a Pháp luật. 
630 0 4 |a Xây dựng. 
630 0 4 |a Lao động. 
650 0 4 |a Luật lao động. 
650 0 4 |a Lao động  |x Pháp luật. 
650 0 4 |a Lao động  |x Môi trường. 
OWN |a DUT 
999 |a From the UDN01 
TYP |a Monograph 
TYP |a Printed language 
980 |a Mạng thư viện Đại học Đà Nẵng